Business math demystified (Record no. 121705)

MARC details
000 -LEADER
fixed length control field 00563nam a2200205Ia 4500
008 - FIXED-LENGTH DATA ELEMENTS--GENERAL INFORMATION
fixed length control field 191130s2006##################000#0#eng##
020 ## - INTERNATIONAL STANDARD BOOK NUMBER
ISBN 9780071464703
082 ## - DEWEY DECIMAL CLASSIFICATION NUMBER
Classification number 650.01513 BLU
100 ## - MAIN ENTRY--AUTHOR NAME
Personal name Bluman, Allan G
245 ## - TITLE STATEMENT
Title Business math demystified
Statement of responsibility, etc Allan G. Bluman
260 ## - PUBLICATION, DISTRIBUTION, ETC. (IMPRINT)
Place of publication New York
Name of publisher McGraw-Hill
Year of publication c2006
300 ## - PHYSICAL DESCRIPTION
Number of Pages xii, 391 p. : ill. ; 24 cm
500 ## - GENERAL NOTE
General note Includes index
650 ## - SUBJECT ADDED ENTRY--TOPICAL TERM
Topical Term Business mathematics
991 ## -
-- 90680
Holdings
Withdrawn status Lost status Damaged status Not for loan Home library Current library Shelving location Date acquired Full call number Accession Number Price effective from Koha item type
        Anna Centenary Library Anna Centenary Library 6TH FLOOR, A WING 12.10.2020 650.01513 BLU 316492 12.10.2020 English Books

Find us on the map